000 00738nam a2200253 i 4500
001 53404
003 ES-MaACL
005 20250801063023.0
007 t|
008 031023s2001 sp ||||0| spa j
020 _a84-95359-62-6
040 _aM-BN
_bspa
_cM-BN
080 _a94(100):297
100 1 _aVernet, Juan,
_d1923-2011
_9114171
245 1 4 _aLos orígenes del islam /
_cJuan Vernet.
250 _a1ª ed. en El Acantilado.
260 _aBarcelona :
_bEl Acantilado,
_c2001.
300 _a261 p ;
_c21 cm.
490 1 _aEl Acantilado ;
_v50
651 4 _aPaíses musulmanes-
_xHistoria.
_99187
830 0 _aEl Acantilado ;
_v50
_9179782
852 _aES-MaACL
_jL-26546
_bR.131205
999 _c53404
_d53404